| 000 | 00000nam 2200000zi 4500 |
| 001 | 9.876285 |
| 003 | CaOODSP |
| 005 | 20240206124615 |
| 006 | m o d f |
| 007 | cr cn||||||||| |
| 008 | 191210t20192019onca o f000 0 eng d |
| 020 | |a9780660318516 |
| 040 | |aCaOODSP|beng|erda|cCaOODSP |
| 043 | |an-cn--- |
| 086 | 1 |aH144-65/2019E-PDF |
| 245 | 00|aVentilation and indoor air quality. |
| 264 | 1|a[Ottawa] : |bHealth Canada = Santé Canada,|c2019. |
| 264 | 4|c©2019 |
| 300 | |a1 online resource (1 unnumbered page) : |bcolour illustrations |
| 336 | |atext|btxt|2rdacontent |
| 337 | |acomputer|bc|2rdamedia |
| 338 | |aonline resource|bcr|2rdacarrier |
| 500 | |aIssued also in French under title: La ventilation et la qualité de l'air intérieur. |
| 650 | 0|aDwellings|xHeating and ventilation. |
| 650 | 0|aIndoor air quality. |
| 710 | 1 |aCanada. |bHealth Canada. |
| 775 | 08|tLa ventilation et la qualité de l'air intérieur.|w(CaOODSP)9.876286 |
| 776 | 0#|tVentilation.|w(CaOODSP)9.876287 |
| 776 | 0#|tVentilation and indoor air quality.|w(CaOODSP)9.933535 |
| 856 | 40|qPDF|s2.65 MB|uhttps://publications.gc.ca/collections/collection_2019/sc-hc/H144-65-2019-eng.pdf |
| 986 | |a190204 |